Add tovább, hogy van tovább!

Bibliographic Details
Main Author: Bíró, Laura (Author)
Format: Article
Language:Hungarian
PhysicalDescription:Fotografie
ISSN:1336-3638
Subjects:

MARC

LEADER 00000nab a2200000 4500
001 vtls011754084
003 SK-MaSNL
005 20260318122212.0
008 180430|2018 xo |||| || ||00 0|hun
015 |a SNBRB2018/04 
040 |a DSZK  |b slo  |c DSZK  |e rda 
041 |a hun 
043 |a e-xo--- 
044 |a xo  |c SK 
072 7 |a 614  |x Verejné zdravie a hygiena  |2 konspekt 
072 7 |a 394  |x Verejný a spoločenský život. Každodenný život  |2 konspekt 
080 |a 614.885  |x (437.612)  |2 2011 
080 |a 394-027.564.2  |x (437.612)  |2 2011 
100 1 |a Bíró, Laura  |4 aut  |9 1086780 
245 1 0 |a Add tovább, hogy van tovább!  |c Bíró Laura 
300 |b Fotografie 
336 |a text  |b txt  |2 rdacontent 
337 |a bez média  |b n  |2 rdamedia 
338 |a zväzok  |b nc  |2 rdacarrier 
610 2 7 |a Slovenský Červený kríž.  |b Miestny spolok (Vrakúň, Slovensko)  |2 dszk  |9 1090083 
611 2 7 |a Zvestuj, že existuje budúcnosť  |d (2018 :  |c Vrakúň, Slovensko)  |2 dszk  |9 1568538 
650 0 7 |a benefičné podujatia  |2 SNKPH  |9 222651 
651 7 |a Vrakúň (Slovensko)  |2 SNKPHgeo  |9 109956 
773 0 |t Csallóköz  |g Évf. 58, sz. 15 (2018), o. 21  |x 1336-3638 
958 |a SK 
999 |c 3197675  |d 3199605